00542nam a22001937a 450000500170000001000130001702000100003003500130004003700160005304000120006908200130008110000160009424500500011026000570016027000690021730000250028665000110031165000260032220170124110034.0 aA-828566 c00.00 aA-828566 bCen Lib/Ret adplbEN a891bMOR aMoraes, Dom aCollected poems :cby Dom Moraesb1957-1987 / bPenguin Books India Private Limitedc1987aNew Delhi a72-B, Himalaya House,23, Kasturba Gandhi MargbNew Delhie110001 axii,167p. c19cm(Hb) aPoems. aEnglish -- literature